000
00248 a2200097 4500
001
28291
100
_a
Brzustowski, T A
245
_a
Introduction to the Principles of Engineering Thermodynamics
260
_a
_b
Addirson W
_c
090
_c
18900
_d
18900
942
_a
NUST-CAE
_c
M
_c
9892
999
_c
263364
_d
263364